书目信息 |
| 题名: |
洞穴女孩
|
|
| 作者: | 朗斯塔夫 著 ;克兰普顿 , 毕婷 绘 | |
| 分册: | ||
| 出版信息: | 北京 北京教育出版社 2024.01 |
|
| 页数: | 32页 | |
| 开本: | 21cm | |
| 丛书名: | 阅读岛成长桥梁书 | |
| 单 册: | ||
| 中图分类: | G624.313 | |
| 科图分类: | ||
| 主题词: | 英语--阅读--小学--课外读物 | |
| 电子资源: | ||
| ISBN: | 978-7-5704-4832-6 | |
| 000 | 00953nam0 2200277 450 | |
| 001 | 012766833 | |
| 005 | 20251022211158.26 | |
| 010 | @a978-7-5704-4832-6@dCNY16.00 | |
| 100 | @a20240131d2024 cemy0chiy0120 ea | |
| 101 | 2 | @achi@aeng@ceng |
| 102 | @aCN@b110000 | |
| 105 | @aa z 000yy | |
| 106 | @ar | |
| 200 | 1 | @a洞穴女孩@9dong xue nv hai@dCavegirl@f(澳)阿比·朗斯塔夫(Abie Longstaff)著@g(英)谢恩·克兰普顿(Shane Crampton)绘@g毕婷译@zeng |
| 210 | @a北京@c北京教育出版社@d2024.01 | |
| 215 | @a32页@c彩图@d21cm | |
| 225 | 1 | @a阅读岛成长桥梁书@h第二辑 |
| 461 | 0 | @12001 @a阅读岛成长桥梁书 |
| 510 | 1 | @aCavegirl@zeng |
| 606 | 0 | @a英语@x阅读@x小学@j课外读物 |
| 690 | @aG624.313@v5 | |
| 701 | 0 | @c(澳)@a朗斯塔夫@9lang si ta fu@c(Longstaff, Abie)@4著 |
| 702 | 0 | @c(英)@a克兰普顿@9ke lan pu dun@c(Crampton, Shane)@4绘 |
| 702 | 0 | @a毕婷@9bi ting@4译 |
| 801 | 0 | @aCN@c20250912 |
| 905 | @a河南城建学院图书馆@dG624.313@eY962.91:6@ZY962.91:6@f3 | |
| 洞穴女孩=Cavegirl/(澳)阿比·朗斯塔夫(Abie Longstaff)著/(英)谢恩·克兰普顿(Shane Crampton)绘/毕婷译.-北京:北京教育出版社,2024.01 |
| 32页:彩图;21cm.-(阅读岛成长桥梁书.第二辑) |
| ISBN 978-7-5704-4832-6:CNY16.00 |
| ● |
| 相关链接 |
|
|
|
正题名:洞穴女孩
索取号:G624.313/Y962.91:6
 
预约/预借
| 序号 | 登录号 | 条形码 | 馆藏地/架位号 | 状态 | 备注 |
| 1 | 1636879 | 216368794 | 社科库409/409社科库 6排3列4层/ [索取号:G624.313/Y962.91:6] | 在馆 | |
| 2 | 1636880 | 216368801 | 社科库409/409社科库 6排3列4层/ [索取号:G624.313/Y962.91:6] | 在馆 | |
| 3 | 1636881 | 216368810 | 社科库409/409社科库 6排3列4层/ [索取号:G624.313/Y962.91:6] | 在馆 |